00629cam a22001577a 4500008004000000082001900040100001900059245010300078260006000181300000900241440002600250650003900276650004000315999001900355952009700374180718b2003 xxu||||| |||| 00| 0 eng d aQ223x5457 P136 aPadma, G. Rama aPerceptions on safe motherhood: an analysis of results from rural Andhra Pradeshcby G. Rama Padma aHyderabadbCentre for Economic and Social Studiesc2003 a30p. aWorking paper; no. 48 aMaternity - Andhra Pradesh - India aMotherhood - Andhra Pradesh - India c401075d401075 00102ddc4070aIIPAbIIPAd2003-03-24oQ223x5457 P136pGR21237r2018-07-21w2018-07-21yGR